Discovering crabs and lobsters
| Main Author: | |
|---|---|
| Format: | Book |
| Published: |
England :
Wayland ,
1987
|
| Series: | Discovering nature
|
| Subjects: |
MARC
| LEADER | 00000cam a2200000 7i4500 | ||
|---|---|---|---|
| 001 | 0000002048 | ||
| 002 | 000002235 | ||
| 005 | 20080319.0 | ||
| 020 | |a 0850788196 | ||
| 090 | 0 | 0 | |a J 508 |b BAI |
| 100 | 1 | |a Bailey, Jill | |
| 245 | 1 | 0 | |a Discovering crabs and lobsters |c Jill Bailey |
| 260 | |a England : |b Wayland , |c 1987 | ||
| 300 | |a 46p. : |b ill ; |c 21cm. | ||
| 490 | 0 | |a Discovering nature | |
| 650 | 0 | 0 | |a Crabs |x Juvenile Literature |
| 999 | |a 033662 |b BUKU |c PINJAMAN |e PERPUSTAKAAN KOMUNITI PETALING JAYA | ||